ロード中...
Dweep /
| 第一著者: | |
|---|---|
| フォーマット: | Printed Book |
| 言語: | Malayalam |
| 出版事項: |
Current Books ,
1967.
|
| 主題: |
| LEADER | 00457nam a2200145Ia 4500 | ||
|---|---|---|---|
| 008 | 150624b xxu||||| |||| 00| d mal d | ||
| 082 | |a 852.39R1 | ||
| 100 | |a Radhakrishnan, C. | ||
| 245 | |c C. Radhakrishnan |a Dweep / | ||
| 260 | |b Current Books , |c 1967. | ||
| 546 | |a In Malayalam. | ||
| 650 | |v Drama | ||
| 942 | |c BK | ||
| 999 | |c 71397 |d 71397 | ||
| 952 | |0 1 |1 0 |2 ddc |4 0 |6 852_000000000000000_39R1_DWE_M |7 0 |9 71372 |a UL |b UL |c ST1 |d 1998-09-15 |l 0 |o 852.39R1 DWE M |p 1260 |r 2012-10-27 |y BK | ||